000 00298nam a22001337a 4500
008 170908b xxu||||| |||| 00| 0 eng d
020 _a9781319001421
041 _aeng
080 _a91
100 _a42
101 _aGEO
245 _aLIVING PHYSICAL GEOGRAOHY
_cGERVAS.B.R
942 _2udc
_cBK
999 _c26870
_d26870